An introduction to state space time series analysis / (Record no. 19503)

MARC details
000 -LEADER
fixed length control field 01122cam a2200313 i 4500
001 - CONTROL NUMBER
control field 15013340
003 - CONTROL NUMBER IDENTIFIER
control field EG-ScBUE
005 - DATE AND TIME OF LATEST TRANSACTION
control field 20241210105906.0
008 - FIXED-LENGTH DATA ELEMENTS--GENERAL INFORMATION
fixed length control field 070919s2007 enka f b f001 0 eng d
020 04 - INTERNATIONAL STANDARD BOOK NUMBER
International Standard Book Number 9780199228874 (hbk.)
020 ## - INTERNATIONAL STANDARD BOOK NUMBER
International Standard Book Number 0199228876 (hbk.)
040 ## - CATALOGING SOURCE
Original cataloging agency DLC
Language of cataloging Eng
Description conventions rda
Transcribing agency UKM
Modifying agency BAKER
-- BTCTA
-- BWKUK
-- YDXCP
-- DLC
-- EG-ScBUE
082 04 - DEWEY DECIMAL CLASSIFICATION NUMBER
Classification number 519.55
Edition number 22
Item number COM
100 1# - MAIN ENTRY--PERSONAL NAME
Personal name Commandeur, Jacques J. F.,
Relator term author.
9 (RLIN) 38476
245 13 - TITLE STATEMENT
Title An introduction to state space time series analysis /
Statement of responsibility, etc Jacques J. F. Commandeur, Siem Jan Koopman.
264 #1 - PUBLICATION, DISTRIBUTION, ETC. (IMPRINT)
Place of publication, distribution, etc Oxford ;
-- New York :
Name of publisher, distributor, etc Oxford University Press,
Date of publication, distribution, etc 2007.
300 ## - PHYSICAL DESCRIPTION
Extent xiv, 174 pages :
Other physical details illustrations ;
Dimensions 24 cm
336 ## - CONTENT TYPE
Source rdacontent
Content type term text
Content type code txt
337 ## - MEDIA TYPE
Source rdamedia
Media type term unmediated
Media type code n
338 ## - CARRIER TYPE
Source rdacarrier
Carrier type term volume
Carrier type code nc
490 0# - SERIES STATEMENT
Series statement Practical econometrics
504 ## - BIBLIOGRAPHY, ETC. NOTE
Bibliography, etc Includes bibliographical references and index.<br/>
650 #7 - SUBJECT ADDED ENTRY--TOPICAL TERM
Topical term or geographic name as entry element Time-series analysis.
Source of heading or term BUEsh
650 #7 - SUBJECT ADDED ENTRY--TOPICAL TERM
Topical term or geographic name as entry element State-space methods.
Source of heading or term BUEsh
653 ## - INDEX TERM--UNCONTROLLED
Resource For college BAEPS, Economics
Arrived date list June2015
-- October2015
655 ## - INDEX TERM--GENRE/FORM
Form subdivision Reading book
700 1# - ADDED ENTRY--PERSONAL NAME
Personal name Koopman, S. J.
Fuller form of name (Siem Jan)
Relator term author.
942 ## - ADDED ENTRY ELEMENTS (KOHA)
Source of classification or shelving scheme Dewey Decimal Classification
Koha item type Book - Borrowing
Holdings
Withdrawn status Lost status Source of classification or shelving scheme Damaged status Not for loan Collection code Home library Current library Shelving location Date acquired Source of acquisition Total Checkouts Full call number Barcode Date last seen Koha item type
    Dewey Decimal Classification     Baccah Central Library Central Library First floor 09/06/2015 Purchase   519.55 COM 000038461 15/07/2025 Book - Borrowing